|
|
|
|
| LEADER |
00000naa2a2200000 4500 |
| 001 |
182256 |
| 005 |
20231031171255.0 |
| 035 |
|
|
|a (RuTPU)RU\TPU\book\197588
|
| 090 |
|
|
|a 182256
|
| 100 |
|
|
|a 20100618d2009 k y0rusy50 ca
|
| 101 |
0 |
|
|a rus
|
| 102 |
|
|
|a RU
|
| 200 |
1 |
|
|a Исследование реакций получения диопсидовых керамических пигментов с использованием природных минералов
|f Н. В. Лисеенко
|g науч. рук. М. Б. Седельникова ; науч. рук. В. М. Погребенков
|
| 320 |
|
|
|a Библиогр.: 5 назв.
|
| 463 |
|
0 |
|0 (RuTPU)RU\TPU\book\186895
|y 978-5-98298-569-9
|t Проблемы геологии и освоения недр
|o труды XIII Международного симпозиума имени академика М. А. Усова студентов и молодых ученых, посвященного 110-летию со дня рождения К. В. Радугина
|f Томский политехнический университет (ТПУ), Институт геологии и нефтегазового дела (ИГНД)
|v С. 848-850
|d 2009
|p 993 с.
|
| 610 |
1 |
|
|a керамические пигменты
|
| 610 |
1 |
|
|a диопсиды
|
| 610 |
1 |
|
|a природные минералы
|
| 610 |
1 |
|
|a обжиг
|
| 610 |
1 |
|
|a труды учёных ТПУ
|
| 700 |
|
1 |
|a Лисеенко
|b Н. В.
|
| 702 |
|
1 |
|a Седельникова
|b М. Б.
|4 727
|
| 702 |
|
1 |
|a Погребенков
|b В. М.
|4 727
|
| 801 |
|
1 |
|a RU
|b 63413507
|c 20100618
|
| 942 |
|
|
|c BK
|